000 00526nam a2200181Ia 4500
008 151018s9999 xx 000 0 und d
082 _bRBASDV47071
_a891.433
100 _aराज शिवहरे
245 _aअधुरा मन
250 _b1
260 _bतिवारी ग्राफिक्स
300 _a179
600 _aराज शिवहरे
630 _aअधुरा मन
700 _aराज शिवहरे
730 _aअधुरा मन
942 _cBOOK
999 _c1046219
_d1046216